00764 a2200205 4500020001500000040001300015100001800028245006500046260003600111300003300147490003400180650003500214650003200249650003400281700002400315830004800339942002600387999001500413952013000428 a1580530591 aDLCbDLC1 aGroe, John B.10aCDMA mobile radio design cJohn B. Groe, Lawrence E. Larson. aBoston :bArtech House,cc2000. axv, 346 p. :bill. ;c23 cm.1 aMobile communications series. 0aCode division multiple access. 0aCellular telephone systems. 0aMobile communication systems.1 aLarson, Lawrence E. 0aArtech House mobile communications library. cBKk621.3845 GRO2ddc c8358d8358 001040708NFICaCLbCLcGENd2005-09-21eNew Public Bookg8743.27l0o621.3845 GROpSEECS006450r2012-11-14w2017-01-05yBK